| 000 | 00000nam##2200000za#4500 |
| 001 | 9.607198 |
| 003 | CaOODSP |
| 005 | 20210624213015 |
| 007 | cr ||||||||||| |
| 008 | 150406|2007||||xxc|||||o f|0| 0 fre|d |
| 040 | |aCaOODSP|bfre |
| 043 | |an-cn--- |
| 086 | 1 |aR34-9/12-2007F-PDF |
| 110 | 1 |aCanada.|bAffaires indiennes et du Nord. |bRégion des Territoires du Nord-Ouest. |
| 245 | 10|aConvention définitive des Inuvialuit |h[ressource électronique] |
| 260 | |aYellowknife - Territoires du Nord-Ouest : |bAffaires indiennes et du Nord. |cMars 2007. |
| 300 | |a2p.|bcarte en couleur |
| 490 | 1 |aT.N.-O. simplement les faits territoire et autonomie gouvernementale |
| 590 | |a15-03-Supp|b2015-03-13 |
| 775 | 08|tInuvialuit Final Agreement |w(CaOODSP)9.580078 |
| 830 | #0|aT.N.-O. simplement les faits territoire et autonomie gouvernementale.|w(CaOODSP)9.500904 |
| 856 | 40|ahttp://publications.gc.ca|qPDF|s324 Ko|uhttps://publications.gc.ca/collections/collection_2014/aadnc-aandc/R34-9-12-2007-fra.pdf |
| 986 | |aQS-Y280-000-FF-A1 |